00377nam a22001217a 450000500170000002000220001703500220003903700130006110000230007424500750009726000580017230000250023020180813142843.0 a8187336951c00.00 aB-31671, B-031673 aDPLbENG aNigam, Braj Bihari aYoga power :bThe path of personal achievement /cby Braj Bihari Nigam aNew DelhibDominant Publishers and Distributorsc2001 axiii, 320p.c20 cms.